00800nam a22002057a 4500999001500000001000600015003000900021005001700030008004100047040003800088082002300126245008700149260003900236300002200275505008700297650004400384700002800428942001200456952012600468 c7106d710611725BD-DhUAP20210113153821.0210113s2007 bg x p w 0 a0eng d aBD-DhAALcBD-DhAALbEngdBD-DhUAP00a348.549204 DHA22300aThe Dhaka Law Reports :ba monthly law journal /cedited by Obaidul Huq Chowdhury. aDhaka :bDhaka law reports,c2007. avolumes ;c26 cm. aV. 59-Table of cases of the appellate division of the supreme court of Bangladesh. aLaw reports, digests, etc.zBangladesh. aChowdhury, Obaidul Huq. 2ddccBK 00102ddc4070aDBASLbDBASLcGeneral Stacksd2021-01-13o348.549204 DHA V-59p3010011725r2021-01-13t1w2021-01-13yBK